Weather. (Record no. 116355)
[ view plain ]
| 000 -LEADER | |
|---|---|
| fixed length control field | 00293nam a2200133 a 4500 |
| 005 - DATE AND TIME OF LATEST TRANSACTION | |
| control field | 20140513081051.0 |
| 008 - FIXED-LENGTH DATA ELEMENTS--GENERAL INFORMATION | |
| fixed length control field | 030203s19uu xx 00 eng d |
| 020 ## - INTERNATIONAL STANDARD BOOK NUMBER | |
| International Standard Book Number | 1-919336-19-0 |
| 050 ## - LIBRARY OF CONGRESS CALL NUMBER | |
| Classification number | P 551.6 |
| Item number | WEA 2000 |
| 245 ## - TITLE STATEMENT | |
| Title | Weather. |
| 300 ## - PHYSICAL DESCRIPTION | |
| Extent | Poster |
| Withdrawn status | Lost status | Damaged status | Home library | Current library | Shelving location | Date acquired | Source of acquisition | Cost, normal purchase price | Total Checkouts | Full call number | Barcode | Date last seen | Price effective from | Koha item type |
|---|---|---|---|---|---|---|---|---|---|---|---|---|---|---|
| Elizalde Library | Elizalde Library | KIT Section | 02/03/2003 | 75.00 | P 551.6 WEA 2000 | E332 | 05/13/2014 | 05/13/2014 | Kits | |||||
| Elizalde Library | Elizalde Library | KIT Section | 02/03/2003 | 75.00 | P 551.6 WEA 2000 | E333 | 05/13/2014 | 05/13/2014 | Kits |